000
00260nam a2200097Ia 4500
001
1207985
005
20250827022837.0
008
250824s9999 xx 000 0 und d
245
0
_a
SAFAHATTAN SEÇMELER
_c
MEHMET AKİF ERSOY
260
_b
K.B.B. KÜLTÜR YAYINLARI
999
_c
1207985
_d
1207985